| 000 | 00600cab a2200241 4500 | ||
|---|---|---|---|
| 001 | ABS51068 | ||
| 008 | 090401t1994 xxu||||| |||| 00| 0 eng d | ||
| 035 | _a(Sirsi) u7795 | ||
| 041 | _aeng | ||
| 245 | _aEstates Times survey: West Yorkshire | ||
| 260 | _c1994 | ||
| 350 | _a0 | ||
| 490 |
_aEstates Times _v(1244) 29 July 1994, 9-17(8) |
||
| 650 | _aBRADFORD | ||
| 650 | _aHALIFAX | ||
| 650 | _aLEEDS | ||
| 650 | _aWAKEFIELD | ||
| 650 | _aWEST YORKSHIRE | ||
| 650 | _aYORKSHIRE | ||
| 690 | _aPROPERTY-COMMERCIAL PROPERTY-COMMERCIAL PROPERTY MARKET | ||
| 942 | _n0 | ||
| 948 | _c04/03/1997 | ||
| 999 |
_c4742 _d4742 |
||